Vplyv inflácie na modelovanie prepínania režimov výnosov

Salvato in:
Dettagli Bibliografici
Autore principale: Reiff, Marian, 1978-
Altri autori: Pekár, Juraj, 1972-
Natura: Capitolo di libro
Lingua:inglese
Soggetti:
Tags: Aggiungi Tag
Nessun Tag, puoi essere il primo ad aggiungerne!!

MARC

LEADER 00000naa$a2200000$$$4500
001 0289251
005 20240502074430.4
041 0 |a eng 
044 |a SK 
245 1 0 |a Vplyv inflácie na modelovanie prepínania režimov výnosov  |c Marian Reiff, Juraj Pekár 
500 |a Abstrakt 
610 2 0 |a modelovanie 
610 2 0 |a inflácia 
610 2 0 |a výnosy 
100 1 |a Reiff, Marian, 1978- 
700 1 |a Pekár, Juraj, 1972-